| 000 | 00856cam a2200265 a 4500 | ||
|---|---|---|---|
| 001 | 000019577 | ||
| 005 | 20200929170050.0 | ||
| 008 | 761014s1968 sp 001 e spa d | ||
| 040 |
_aDO-SdBNP _bspa _cDLC _dBNPHU |
||
| 082 |
_a864.6 _bA996co, 1968 |
||
| 100 | 1 |
_aAzorín, _d1873-1967. _95278 |
|
| 245 | 1 | 0 |
_aCon Cervantes / _cAzorín. |
| 250 | _a3a ed. | ||
| 260 |
_aMadrid : _bEspasa-Calpe, _c1968. |
||
| 300 |
_a213, [16] p. ; _c18 cm. |
||
| 490 | 1 |
_aAustral. Verde: ensayos y filosofía _v747 |
|
| 500 | _aIncluye índice de autores | ||
| 650 | 4 |
_aEnsayos españoles _93095 |
|
| 650 | 4 |
_aLiteratura española _9632 |
|
| 600 | 1 | 4 |
_aCERVANTES SAAVEDRA, MIGUEL DE _d1547-1616 _xCRÍTICA E INTERPRETACIÓN _913728 |
| 830 | 0 |
_aAustral. _pVerde: ensayos y filosofía _v747 _98733 |
|
| 910 | _aCatalogación derivada / LC | ||
| 910 | _aWM | ||
| 049 | _aBNGR | ||
| 999 |
_c19093 _d19093 |
||